<?xml version="1.0" encoding="UTF-8"?>
<record
    xmlns:xsi="http://www.w3.org/2001/XMLSchema-instance"
    xsi:schemaLocation="http://www.loc.gov/MARC21/slim http://www.loc.gov/standards/marcxml/schema/MARC21slim.xsd"
    xmlns="http://www.loc.gov/MARC21/slim">

  <leader>02822cam a2200325 i 4500</leader>
  <controlfield tag="003">SA-RiAUC</controlfield>
  <controlfield tag="005">20250906092635.0</controlfield>
  <controlfield tag="008">250904q19001999ua     g     f000 0 ara c</controlfield>
  <datafield tag="024" ind1="0" ind2=" ">
    <subfield code="a">00000000732339</subfield>
  </datafield>
  <datafield tag="040" ind1=" " ind2=" ">
    <subfield code="a">SA-JeALM</subfield>
    <subfield code="b">ara</subfield>
    <subfield code="c">SA-RiAUC</subfield>
    <subfield code="e">rda</subfield>
  </datafield>
  <datafield tag="041" ind1="0" ind2=" ">
    <subfield code="a">ara</subfield>
    <subfield code="a">eng</subfield>
  </datafield>
  <datafield tag="043" ind1=" " ind2=" ">
    <subfield code="a">a-su---</subfield>
    <subfield code="a">e-uk---</subfield>
    <subfield code="a">ar-----</subfield>
  </datafield>
  <datafield tag="082" ind1="0" ind2="4">
    <subfield code="a">953.15</subfield>
    <subfield code="q">SA-RiAUC</subfield>
  </datafield>
  <datafield tag="090" ind1=" " ind2=" ">
    <subfield code="a">953.15</subfield>
    <subfield code="b">&#x627; &#x628; &#x627;</subfield>
  </datafield>
  <datafield tag="100" ind1="1" ind2=" ">
    <subfield code="a">&#x623;&#x628;&#x627;&#x638;&#x629;&#x60C; &#x641;&#x627;&#x631;&#x648;&#x642; &#x639;&#x62B;&#x645;&#x627;&#x646;&#x60C;</subfield>
    <subfield code="d">1936-</subfield>
    <subfield code="e">&#x645;&#x624;&#x644;&#x641;.</subfield>
  </datafield>
  <datafield tag="245" ind1="1" ind2="0">
    <subfield code="a">&#x633;&#x64A;&#x627;&#x633;&#x629; &#x628;&#x631;&#x64A;&#x637;&#x627;&#x646;&#x64A;&#x627; &#x641;&#x64A; &#x639;&#x633;&#x64A;&#x631; &#x623;&#x62B;&#x646;&#x627;&#x621; &#x627;&#x644;&#x62D;&#x631;&#x628; &#x627;&#x644;&#x639;&#x627;&#x644;&#x645;&#x64A;&#x629; &#x627;&#x644;&#x623;&#x648;&#x644;&#x649; :</subfield>
    <subfield code="b">&#x62F;&#x631;&#x627;&#x633;&#x629; &#x648;&#x62B;&#x627;&#x626;&#x642;&#x64A;&#x629; /</subfield>
    <subfield code="c">&#x644;&#x644;&#x62F;&#x643;&#x62A;&#x648;&#x631; &#x641;&#x627;&#x631;&#x648;&#x642; &#x639;&#x62B;&#x645;&#x627;&#x646; &#x623;&#x628;&#x627;&#x638;&#x629;.</subfield>
  </datafield>
  <datafield tag="264" ind1=" " ind2="1">
    <subfield code="a">&#x627;&#x644;&#x642;&#x627;&#x647;&#x631;&#x629; :</subfield>
    <subfield code="b">&#x62F;&#x627;&#x631; &#x627;&#x644;&#x645;&#x639;&#x627;&#x631;&#x641;&#x60C;</subfield>
    <subfield code="c">[&#x628;&#x64A;&#x646; 1900 &#x648;1999]</subfield>
  </datafield>
  <datafield tag="300" ind1=" " ind2=" ">
    <subfield code="a">116 + 84 &#x635;&#x641;&#x62D;&#x629; &#x61B;</subfield>
    <subfield code="b">&#x627;&#x644;&#x643;&#x62A;&#x627;&#x628; &#x628;&#x644;&#x63A;&#x62A;&#x64A;&#x646;</subfield>
    <subfield code="c">24 &#x633;&#x645;.</subfield>
  </datafield>
  <datafield tag="336" ind1=" " ind2=" ">
    <subfield code="a">&#x646;&#x635;</subfield>
    <subfield code="b">txt</subfield>
    <subfield code="2">rdacontent</subfield>
    <subfield code="3">&#x643;&#x62A;&#x627;&#x628;</subfield>
  </datafield>
  <datafield tag="337" ind1=" " ind2=" ">
    <subfield code="a">&#x628;&#x62F;&#x648;&#x646; &#x648;&#x633;&#x64A;&#x637;</subfield>
    <subfield code="b">n</subfield>
    <subfield code="2">rdamedia</subfield>
  </datafield>
  <datafield tag="338" ind1=" " ind2=" ">
    <subfield code="a">&#x645;&#x62C;&#x644;&#x62F;</subfield>
    <subfield code="b">nc</subfield>
    <subfield code="2">rdacarrier</subfield>
  </datafield>
  <datafield tag="520" ind1=" " ind2=" ">
    <subfield code="a">&#x64A;&#x62A;&#x646;&#x627;&#x648;&#x644; &#x647;&#x630;&#x627; &#x627;&#x644;&#x643;&#x62A;&#x627;&#x628; &#x62F;&#x631;&#x627;&#x633;&#x629; &#x648;&#x62B;&#x627;&#x626;&#x642;&#x64A;&#x629; &#x644;&#x645;&#x62D;&#x627;&#x648;&#x644;&#x629; &#x625;&#x64A;&#x636;&#x627;&#x62D; &#x645;&#x639;&#x627;&#x644;&#x645; &#x627;&#x644;&#x633;&#x64A;&#x627;&#x633;&#x64A;&#x629; &#x627;&#x644;&#x628;&#x631;&#x64A;&#x637;&#x627;&#x646;&#x64A;&#x629; &#x641;&#x649; &#x639;&#x633;&#x64A;&#x631; &#x623;&#x62B;&#x646;&#x627;&#x621; &#x627;&#x644;&#x62D;&#x631;&#x628; &#x627;&#x644;&#x639;&#x627;&#x644;&#x645;&#x64A;&#x629; &#x627;&#x644;&#x623;&#x648;&#x644;&#x649; &#x645;&#x646; &#x62E;&#x644;&#x627;&#x644; &#x62A;&#x648;&#x62B;&#x64A;&#x642; &#x639;&#x62F;&#x62F; &#x645;&#x646; &#x627;&#x644;&#x648;&#x62B;&#x627;&#x626;&#x642; &#x627;&#x644;&#x628;&#x631;&#x64A;&#x637;&#x627;&#x646;&#x64A;&#x629; &#x648;&#x630;&#x644;&#x643; &#x641;&#x649; &#x625;&#x637;&#x627;&#x631; &#x627;&#x644;&#x62A;&#x62D;&#x644;&#x64A;&#x644; &#x627;&#x644;&#x62A;&#x627;&#x631;&#x64A;&#x62E;&#x649; &#x644;&#x623;&#x628;&#x639;&#x627;&#x62F; &#x627;&#x644;&#x633;&#x64A;&#x627;&#x633;&#x629; &#x627;&#x644;&#x628;&#x631;&#x64A;&#x637;&#x627;&#x646;&#x64A;&#x629; &#x641;&#x649; &#x639;&#x633;&#x64A;&#x631; &#x623;&#x62B;&#x646;&#x627;&#x621; &#x627;&#x644;&#x62D;&#x631;&#x628; &#x627;&#x644;&#x639;&#x627;&#x644;&#x645;&#x64A;&#x629; &#x627;&#x644;&#x623;&#x648;&#x644;&#x649; &#x648;&#x642;&#x648;&#x641;&#x627; &#x641;&#x649; &#x630;&#x644;&#x643; &#x639;&#x644;&#x649; &#x62A;&#x648;&#x636;&#x64A;&#x62D; &#x645;&#x62F;&#x649; &#x62A;&#x627;&#x62B;&#x64A;&#x631; &#x642;&#x64A;&#x627;&#x645; &#x627;&#x644;&#x62D;&#x631;&#x628; &#x627;&#x644;&#x639;&#x627;&#x644;&#x645;&#x64A;&#x629; &#x627;&#x644;&#x623;&#x648;&#x644;&#x649; &#x639;&#x644;&#x649; &#x645;&#x646;&#x637;&#x642;&#x629; &#x627;&#x644;&#x628;&#x62D;&#x631; &#x627;&#x644;&#x623;&#x62D;&#x645;&#x631; &#x648;&#x627;&#x644;&#x633;&#x64A;&#x627;&#x633;&#x629; &#x627;&#x644;&#x62A;&#x649; &#x623;&#x62A;&#x628;&#x639;&#x62A;&#x647;&#x627; &#x628;&#x631;&#x64A;&#x637;&#x627;&#x646;&#x64A;&#x627; &#x641;&#x649; &#x62A;&#x644;&#x643; &#x627;&#x644;&#x645;&#x646;&#x637;&#x642;&#x629; &#x623;&#x62B;&#x646;&#x627;&#x621; &#x641;&#x62A;&#x631;&#x629; &#x627;&#x644;&#x62D;&#x631;&#x628; &#x645;&#x633;&#x62A;&#x639;&#x631;&#x636;&#x627; &#x628;&#x627;&#x64A;&#x62C;&#x627;&#x632; &#x62A;&#x637;&#x648;&#x631; &#x645;&#x631;&#x643;&#x632; &#x627;&#x644;&#x639;&#x62B;&#x645;&#x627;&#x646;&#x64A;&#x64A;&#x646; &#x648;&#x627;&#x644;&#x628;&#x631;&#x64A;&#x637;&#x627;&#x646;&#x64A;&#x64A;&#x646; &#x641;&#x649; &#x645;&#x646;&#x637;&#x642;&#x629; &#x627;&#x644;&#x628;&#x62D;&#x631; &#x627;&#x644;&#x623;&#x62D;&#x645;&#x631; &#x645;&#x646;&#x630; &#x62A;&#x648;&#x633;&#x639;&#x647;&#x645; &#x627;&#x644;&#x62A;&#x627;&#x631;&#x64A;&#x62E;&#x649; &#x646;&#x638;&#x631;&#x627; &#x644;&#x645;&#x627; &#x643;&#x627;&#x646; &#x644;&#x643;&#x644;&#x627; &#x627;&#x644;&#x62C;&#x627;&#x646;&#x628;&#x64A;&#x646; &#x641;&#x649; &#x62A;&#x644;&#x643; &#x627;&#x644;&#x645;&#x646;&#x637;&#x642;&#x629; &#x645;&#x646; &#x642;&#x648;&#x627;&#x62A; &#x648;&#x646;&#x641;&#x648;&#x630; &#x648;&#x645;&#x635;&#x627;&#x644;&#x62D; &#x645;&#x62E;&#x62A;&#x644;&#x641;&#x629; &#x643;&#x645;&#x627; &#x623;&#x634;&#x627;&#x631; &#x627;&#x644;&#x649; &#x627;&#x646; &#x633;&#x64A;&#x627;&#x633;&#x629; &#x628;&#x631;&#x64A;&#x637;&#x627;&#x646;&#x64A;&#x627; &#x641;&#x649; &#x639;&#x633;&#x64A;&#x631; &#x623;&#x62B;&#x646;&#x627;&#x621; &#x627;&#x644;&#x62D;&#x631;&#x628; &#x627;&#x644;&#x639;&#x627;&#x644;&#x645;&#x64A;&#x629; &#x627;&#x644;&#x623;&#x648;&#x644;&#x649; &#x627;&#x631;&#x62A;&#x643;&#x632; &#x639;&#x644;&#x649; &#x62F;&#x639;&#x645; &#x645;&#x62D;&#x645;&#x62F; &#x627;&#x644;&#x625;&#x62F;&#x631;&#x64A;&#x633;&#x649; &#x648;&#x645;&#x633;&#x627;&#x646;&#x62F;&#x62A;&#x647; &#x644;&#x634;&#x646; &#x62D;&#x631;&#x628; &#x636;&#x627;&#x631;&#x64A;&#x629; &#x636;&#x62F; &#x627;&#x644;&#x623;&#x62A;&#x631;&#x627;&#x643; &#x627;&#x644;&#x639;&#x62B;&#x645;&#x627;&#x646;&#x64A;&#x64A;&#x646; &#x628;&#x639;&#x62F; &#x627;&#x644;&#x62A;&#x62D;&#x627;&#x644;&#x641; &#x645;&#x639; &#x627;&#x644;&#x645;&#x627;&#x646;&#x64A;&#x627;.</subfield>
  </datafield>
  <datafield tag="546" ind1=" " ind2=" ">
    <subfield code="a">&#x627;&#x644;&#x646;&#x635; &#x628;&#x627;&#x644;&#x644;&#x63A;&#x62A;&#x64A;&#x646; &#x627;&#x644;&#x639;&#x631;&#x628;&#x64A;&#x629; &#x648;&#x627;&#x644;&#x625;&#x646;&#x62C;&#x644;&#x64A;&#x632;&#x64A;&#x629;.</subfield>
  </datafield>
  <datafield tag="650" ind1=" " ind2="7">
    <subfield code="a">&#x627;&#x644;&#x62D;&#x631;&#x628; &#x627;&#x644;&#x639;&#x627;&#x644;&#x645;&#x64A;&#x629; &#x627;&#x644;&#x623;&#x648;&#x644;&#x649;&#x60C; 1914-1918</subfield>
    <subfield code="z">&#x627;&#x644;&#x633;&#x639;&#x648;&#x62F;&#x64A;&#x629;</subfield>
    <subfield code="z">&#x639;&#x633;&#x64A;&#x631;</subfield>
    <subfield code="2">aucsh</subfield>
  </datafield>
  <datafield tag="651" ind1=" " ind2="7">
    <subfield code="a">&#x634;&#x628;&#x647; &#x627;&#x644;&#x62C;&#x632;&#x64A;&#x631;&#x629; &#x627;&#x644;&#x639;&#x631;&#x628;&#x64A;&#x629;</subfield>
    <subfield code="x">&#x639;&#x644;&#x627;&#x642;&#x627;&#x62A; &#x62E;&#x627;&#x631;&#x62C;&#x64A;&#x629;</subfield>
    <subfield code="z">&#x628;&#x631;&#x64A;&#x637;&#x627;&#x646;&#x64A;&#x627;</subfield>
    <subfield code="2">aucsh</subfield>
  </datafield>
  <datafield tag="651" ind1=" " ind2="7">
    <subfield code="a">&#x628;&#x631;&#x64A;&#x637;&#x627;&#x646;&#x64A;&#x627;</subfield>
    <subfield code="x">&#x639;&#x644;&#x627;&#x642;&#x627;&#x62A; &#x62E;&#x627;&#x631;&#x62C;&#x64A;&#x629;</subfield>
    <subfield code="z">&#x634;&#x628;&#x647; &#x627;&#x644;&#x62C;&#x632;&#x64A;&#x631;&#x629; &#x627;&#x644;&#x639;&#x631;&#x628;&#x64A;&#x629;</subfield>
    <subfield code="2">aucsh</subfield>
  </datafield>
  <datafield tag="651" ind1=" " ind2="7">
    <subfield code="a">&#x639;&#x633;&#x64A;&#x631; (&#x627;&#x644;&#x633;&#x639;&#x648;&#x62F;&#x64A;&#x629;)</subfield>
    <subfield code="x">&#x633;&#x64A;&#x627;&#x633;&#x629; &#x648;&#x62D;&#x643;&#x648;&#x645;&#x629;</subfield>
    <subfield code="x">&#x62A;&#x627;&#x631;&#x64A;&#x62E;</subfield>
    <subfield code="y">&#x642;&#x631;&#x646; 14 &#x647;&#x62C;&#x631;&#x64A;</subfield>
    <subfield code="2">aucsh</subfield>
  </datafield>
  <datafield tag="942" ind1=" " ind2=" ">
    <subfield code="2">ddc</subfield>
    <subfield code="c">BOOK</subfield>
    <subfield code="n">0</subfield>
  </datafield>
  <datafield tag="949" ind1=" " ind2=" ">
    <subfield code="a">SA-JeALM</subfield>
    <subfield code="d">250904</subfield>
    <subfield code="u">osman123</subfield>
    <subfield code="n">1</subfield>
  </datafield>
  <datafield tag="952" ind1=" " ind2=" ">
    <subfield code="0">0</subfield>
    <subfield code="1">0</subfield>
    <subfield code="2">ddc</subfield>
    <subfield code="4">0</subfield>
    <subfield code="7">0</subfield>
    <subfield code="a">WAHAB</subfield>
    <subfield code="b">WAHAB</subfield>
    <subfield code="d">2025-09-06</subfield>
    <subfield code="l">0</subfield>
    <subfield code="o">953.15 &#x627; &#x628; &#x627;</subfield>
    <subfield code="p">000018563</subfield>
    <subfield code="r">2025-09-06 09:27:23</subfield>
    <subfield code="w">2025-09-06</subfield>
    <subfield code="y">BOOK</subfield>
  </datafield>
  <datafield tag="999" ind1=" " ind2=" ">
    <subfield code="c">11449</subfield>
    <subfield code="d">11449</subfield>
  </datafield>
</record>
